000 00572nam a2200217Ia 4500
003 OSt
005 20220918192032.0
006 a|||||r|||| 00| 0
007 ta
008 220917b |||||||| |||| 00| 0 eng d
024 _a66,642
037 _cTextual
040 _aARTS
_cARTS
_beng
041 _2eng
_aeng
082 _aR3xK32:9, H01
100 _aJoachim Harold H
245 0 _aSpinoza's tractatus de intellectus emendatione , a commentary
260 _c1940
942 _hR3xK32:9, H01
_cTEXL
_2CC
999 _c192875
_d192875